00925nam a22001577a 4500003000900000005001700009008004100026040001300067100002700080245009200107250001200199260003600211300002000247490002800267520047200295IT-RoPau20220918175937.0121218b xxu||||| |||| 00| 0 eng d cIT-RoPau aAlberione Giacomocssp aPer un rinnovamento spirituale.bPredicazione alle comunità paoline in Roma 1952-1954 a1° ed. aAlbabSocietà San Paoloc2006 a607 p.c21,5 cm aOpera Omnia (serie blu) aINDICE GENERALE Introduzione; Avvertenze; PER UN RINNOVAMENTO SPIRITUALE Meditazioni dettate in Cripta dal 29 gennaio al 15 marzo 1952; ORE DI ADORAZIONE; PREDICHE DEL PRIMO MAESTRO I. Alle Famiglie Paoline (Agosto-Novembre 1952); PREDICHE DEL PRIMO MAESTRO II. Alle Famiglie Paoline (Novembre 1952-Dicembre 1953); PREDICHE DEL PRIMO MAESTRO III. Alle Famiglie Paoline (Marzo-Dicembre 1954); INDICI Indice delle citazioni bibliche; Indice analitico; Indice generale.